Sporcle's Thrown to the Wolves Quiz Stats

 Plays Quiz Updated Nov 3, 2016

Challenge
Share
Tweet
Embed
Score 0/15 Timer 04:00
1 Play Today
Question Answer % Correct
The Timberwolves are an NBA team that play in which US state?Minnesota
78.9%
What anagram of 'wolves' is a key component of most languages?Vowels
77.4%
Which series of novels include the werewolf Jacob Black as one of its main characters?Twilight
74.7%
Who played the lead role in the 1985 fantasy comedy film 'Teen Wolf'?Michael J. Fox
72.6%
The German city of Wolfsburg is the headquarters of which automotive company?Volkswagen Group
71.5%
'Hungry Like the Wolf' is a 1982 song by which British new wave band?Duran Duran
69%
The ancient Roman festival of Lupercalia honoured the she-wolf that suckled which mythical twin founders of Rome?Romulus and Remus
61.6%
The Legion of Super-Heroes member Timber Wolf is a superhero created by which comic book publishing company?DC Comics
59.8%
Question Answer % Correct
A direwolf is the sigil of which House in the television series 'Game of Thrones'?House Stark
55.8%
'Three Wolf Moon' is a t-shirt that became one of the top selling apparel items on which website after many tongue-in-cheek user reviews?Amazon
53.4%
Which city in the United Kingdom is nicknamed 'Wolvo' or 'Wolves'?Wolverhampton
42.3%
Which Egyptian god, commonly associated with the afterlife, is depicted as a man with an African golden wolf's head?Anubis
36.3%
Which Latin-named constellation in the southern hemisphere represents a wolf?Lupus
29.8%
James Wolfe was a British general most known for his service during which 18th century war?Seven Years' War
27.3%
Which 2011 video game features an emotional boss battle with a limping Great Grey Wolf named Sif?Dark Souls
7.4%

You're not logged in!

Compare scores with friends on all Sporcle quizzes.
OR
Log In

You Might Also Like...

Show Comments

Extras

Top Quizzes Today


Score Distribution

Your Account Isn't Verified!

In order to create a playlist on Sporcle, you need to verify the email address you used during registration. Go to your Sporcle Settings to finish the process.

Report this User

Report this user for behavior that violates our Community Guidelines.

Details: